Leader xxxxxxxxxx
001 __ PCLIS00027956
005 __ 20211223081512.0
009 __ |a(CIP)87015961
010 0_ |a957-8689-46-2|b平裝|dNT$280
100 __ |a20011030d2001 m y0chiy09 e
101 1_ |achi|ceng
102 __ |atw
105 __ |ay z 000yy
200 1_ |a男女大不同|e如何讓火星男人與金星女人相愛無礙|f約翰.葛瑞(John Gray)著|g蘇晴譯
205 __ |a再版一刷
210 __ |a臺北市|c生命潛能文化出版|c吳氏圖書總經銷|d2001[民90]
215 0_ |a[20], 360面|d21公分
225 2_ |a兩性互動系列|v6
454 _1 |12001 |aMen are from mars, women are from venus|ea practical guide form improving communication and getting what you want in you relationship
461 _0 |12001 |a兩性互動系列|v6
606 __ |2cst|a兩性關係
606 __ |2cst|a婚姻
681 __ |a544.3|b865
681 __ |a544.3|b8650 90
681 __ |a544.3|b4412a|y90
700 _1 |a葛瑞|c(Gray, John, 1951- )|4著
702 _1 |a蘇|b晴|4譯
801 _0 |atw|b靜宜|c20011030|gCCR
801 _1 |atw|b內湖高中|c20121211|gCCR
801 _2 |atw|b內湖高中|c20211223|gCCR
|